| 000 | 00677nam a22002175a 4500 | ||
|---|---|---|---|
| 005 | 20150901135723.0 | ||
| 008 | 150818r20071999ii a|||fr|||| 001 0 eng d | ||
| 040 |
_aEG-ScBUE _beng _cEG-ScBUE |
||
| 082 | 0 | 4 |
_a669.9 _bSIN _222 |
| 100 | 1 | _aSingh, Vijendra. | |
| 245 | 1 | 0 |
_aPhysical metallurgy : _bfor degree, AMIE, IME, IIM, diploma and field engineers / _cVijendra Singh. |
| 260 |
_aNew Delhi : _bA.K. Jain, _c2007. |
||
| 300 |
_axvi, 808 p. : _bill. ; _c24 cm. |
||
| 500 | _aIndex : p. 795-808. | ||
| 504 | _a. | ||
| 590 | _ayassmeen ashraf | ||
| 650 | 0 |
_aPhysical metallurgy. _2BUEsh |
|
| 651 | _2BUEsh | ||
| 653 |
_bENGGEN _cAugust2015 |
||
| 942 |
_cBB _k669.9 SIN _2ddc |
||
| 999 |
_c7930 _d7930 |
||